Statistics for Colonize the World by Guessing Countries

Click here to take the quiz!

General Stats

  • This quiz has been taken 2,385 times
    (2,375 since last reset)
  • The average score is 1710 of 3933

Answers on the Map

Answers color-coded by a green-red scale on the quiz's map according to % correct below.
 

Answer Stats

Countries% Correct
United States
98%
Russia
97%
China
96%
United Kingdom
96%
Canada
95%
Brazil
94%
France
94%
India
94%
Mexico
93%
Spain
91%
Germany
89%
Argentina
86%
Australia
85%
Sweden
85%
Egypt
84%
Iran
82%
Italy
81%
Norway
81%
Algeria
79%
Democratic Republic of the Congo
79%
Peru
79%
Ukraine
79%
Turkey
78%
Finland
77%
Indonesia
77%
Japan
77%
Saudi Arabia
77%
South Africa
77%
Poland
76%
Kazakhstan
75%
Chile
74%
Colombia
74%
Pakistan
73%
Mongolia
72%
Sudan
71%
Denmark
70%
Libya
70%
Niger
70%
Iraq
69%
Nigeria
65%
Republic of the Congo
63%
Thailand
63%
Venezuela
63%
Chad
62%
Mali
62%
Morocco
62%
Bolivia
61%
Ethiopia
59%
Portugal
59%
Ireland
58%
Vietnam
58%
Afghanistan
55%
Romania
54%
Angola
53%
Iceland
52%
Myanmar
52%
Somalia
51%
Philippines
50%
South Korea
50%
Oman
49%
Yemen
49%
Belarus
48%
Greece
48%
Kenya
46%
Tanzania
45%
Namibia
44%
Dominican Republic
42%
Ecuador
42%
Madagascar
40%
Malaysia
40%
Mauritania
40%
New Zealand
40%
Paraguay
40%
Central African Republic
39%
Laos
39%
Papua New Guinea
39%
Cuba
38%
South Sudan
38%
Austria
37%
North Korea
37%
Uruguay
37%
Mozambique
36%
Netherlands
34%
United Arab Emirates
34%
Cambodia
33%
Bangladesh
32%
Switzerland
32%
Bulgaria
31%
Czech Republic
30%
Latvia
30%
Syria
30%
Zambia
30%
Estonia
29%
Nepal
29%
Serbia
29%
Tunisia
29%
Belgium
28%
Hungary
28%
Panama
27%
Botswana
26%
Lithuania
26%
Uzbekistan
26%
Zimbabwe
26%
Ghana
25%
Slovenia
25%
Guatemala
24%
Guyana
24%
Slovakia
24%
Cameroon
23%
Turkmenistan
23%
Uganda
23%
Suriname
22%
Croatia
21%
Haiti
21%
Israel
21%
Nicaragua
20%
Bosnia and Herzegovina
19%
Honduras
18%
Togo
18%
Bhutan
17%
Costa Rica
17%
Jordan
17%
Benin
16%
Senegal
16%
Sri Lanka
16%
Taiwan
16%
Albania
14%
El Salvador
14%
Guinea
14%
Kyrgyzstan
14%
North Macedonia
14%
Qatar
14%
Tajikistan
14%
Bahamas
13%
Belize
13%
Gabon
12%
Ivory Coast
12%
Jamaica
12%
Moldova
12%
Burkina Faso
11%
Kosovo
11%
Lebanon
11%
Luxembourg
11%
Malawi
11%
Singapore
11%
Andorra
10%
Dominica
10%
Eritrea
10%
Kuwait
10%
Monaco
10%
Montenegro
10%
Rwanda
10%
Armenia
9%
Azerbaijan
9%
Fiji
9%
Georgia
9%
Malta
9%
Vatican City
9%
Bahrain
8%
Liberia
8%
Liechtenstein
8%
San Marino
8%
Burundi
7%
Federated States of Micronesia
7%
Gambia
7%
Lesotho
7%
Barbados
6%
Cyprus
6%
Guinea-Bissau
6%
Kiribati
6%
Saint Kitts and Nevis
6%
Samoa
6%
Solomon Islands
6%
Tonga
6%
Antigua and Barbuda
5%
Brunei
5%
Djibouti
5%
Eswatini
5%
Grenada
5%
Maldives
5%
Saint Lucia
5%
Saint Vincent and the Grenadines
5%
Sierra Leone
5%
Trinidad and Tobago
5%
Tuvalu
5%
East Timor
4%
Marshall Islands
4%
Mauritius
4%
Nauru
4%
Palau
4%
Vanuatu
4%
Cape Verde
3%
Comoros
3%
Seychelles
3%
Equatorial Guinea
2%
São Tomé and Príncipe
2%

Score Distribution

Percentile by Number Answered

Percent of People with Each Score

Your Score History

You have not taken this quiz since the last reset